| 000 | 03634nam a2200589Ii 4500 | ||
|---|---|---|---|
| 001 | DIGCSIC0435 | ||
| 003 | NyNyDIG | ||
| 008 | 190516s2018 sp a ob 000 0 spa d | ||
| 006 | m o d | ||
| 007 | cr ||||||||||| | ||
| 035 | _a(OCoLC)1102094881 | ||
| 040 |
_aDGITA _beng _erda _epn _cDGITA |
||
| 020 |
_a9788400104047 _q(e-ISBN) |
||
| 020 |
_a8400104048 _q(e-ISBN) |
||
| 020 | _z9788400104030 | ||
| 020 | _z840010403X | ||
| 024 | 7 |
_a059-18-120-3 _q(e-NIPO) _2nipo |
|
| 024 | 7 |
_z059-18-119-0 _2nipo |
|
| 041 | 0 |
_aspa _afre |
|
| 043 | _ae-sp--- | ||
| 050 | 1 | 4 | _aDP104 ebook |
| 082 | 0 | 4 | _a946.02 |
| 245 | 0 | 0 |
_aCirculaciones mudejáres y moriscas : _bredes de contacto y representaciones / _cAlice Kadri, Yolanda Moreno, Ana Echevarría (eds.) |
| 264 | 1 |
_aMadrid : _bConsejo Superior de Investigaciones Científicas, _c2018. |
|
| 300 |
_a1 online resource : _billustrations (some color) |
||
| 336 |
_atext _btxt _2rdacontent |
||
| 337 |
_acomputer _bc _2rdamedia |
||
| 338 |
_aonline resource _bcr _2rdacarrier |
||
| 347 |
_atext file _2rdaft |
||
| 347 | _bPDF | ||
| 490 | 1 |
_aEstudios árabes e islámicos. Monografías ; _v21 |
|
| 504 | _aIncludes bibliographical references. | ||
| 505 | 0 | _aLos mudéjares de Castilla y la migración a dār al-islām (ca. 1450-1502) : ¿superioridad del vínculo religioso sobre el de la naturaleza? / Pablo Ortega Rico -- Les relations des musulmans de Castille et du Portugal avec ceux de la dār al-islām, du XIIe auXVe siècle / Jean-Pierre Molénat -- Tres riḥlas mudéjares : el viaje de peregrinación a La Meca de los musulmanes castellano-aragoneses durante los siglos XIV-XVI / Xavier Casassas -- Arrieros, mercaderes, mesoneros... : la movilidad de los moriscos de Castilla la Vieja / Serafín de Tapia Sánchez -- Redes y trasiegos entre los moriscos de Valladolid y Cuéllar / Luis Araus Ballesteros -- Formas de movilidad entre los moriscos del Campa de Calatrava / Trevor J. Dadson -- La circulación de los moriscos en los relatos cristianos de la guerra de las Alpujarras (Hurtado de Mendoza, Mármol Carvajal, Ginés Pérez de Hita) / Alice Carette-Ismaïl -- Circulación de manuscritos mudéjares y moriscos : implicaciones y problemáticas / María Jesús Viguera Molins -- Comunicación y circulación de la información entre los moriscos / Hossain Bouzineb -- A la búsqueda de manuscritos moriscos perdidos : nuevos testimonios aljamiados y árabes / Nuria de Castilla -- L'étude philologique des manuscrits aljamiados, un révélateur de ciruclations mudéjares / Alice Kadri -- Mudéjars et morisques : bouger pour survivre? : notes conclusives sur les dimensions sociale et spatiale du problème / Stéphane Boissellier. | |
| 546 | _aIn Spanish with three contributions in French. | ||
| 588 | 0 | _aOnline resource; title from PDF title page (Digitalia, viewed May 25, 2019) | |
| 650 | 0 | _aMudéjares. | |
| 650 | 0 | _aMoriscos. | |
| 650 | 0 |
_aMuslims _zSpain _xHistory _yTo 1500. |
|
| 650 | 0 |
_aChristians _zSpain _xHistory _yTo 1500. |
|
| 651 | 0 |
_aSpain _xReligion. |
|
| 655 | 0 | _aElectronic books. | |
| 700 | 1 |
_aKadri, Alice, _eeditor. |
|
| 700 | 1 |
_aMoreno Koch, Yolanda, _eeditor. |
|
| 700 | 1 |
_aEchevarria, Ana, _eeditor. |
|
| 791 | 2 |
_aDigitalia (Firm), _edistributor. |
|
| 793 | 0 |
_gDigitalia eBook Collection: _aEditorial CSIC |
|
| 776 | 0 | 8 |
_iPrint version: _tCirculaciones mudejáres y moriscas _z9788400104030 _w(OCoLC)1084507867 |
| 830 | 0 |
_aEstudios árabes e islámicos. _pMonografías ; _v21. |
|
| 856 | 4 | 0 |
_3Digitalia Hispánica _uhttps://www.digitaliapublishing.com/a/56656/ |
| 910 | _aPremium collection: 2019 | ||
| 942 | _cRAA | ||
| 999 |
_c254998 _d254998 |
||